000
00284nam a22001337a 4500
008
180215b xxu||||| |||| 00| 0 eng d
020
_a
9780781761451
041
_a
eng
080
_a
616
100
_a
9
101
_a
PAT
245
_a
PATHOPHYSIOLOGY
_c
HAROLD.J.B
942
_2
udc
_c
BK
999
_c
42704
_d
42704